Principes de la science sociale / (Record no. 40796)

MARC details
000 -LEADER
campo de control de longitud fija 00591nam a2200181 i 4500
001 - NÚMERO DE CONTROL
campo de control 40796
003 - IDENTIFICADOR DE NÚMERO DE CONTROL
campo de control ES-MaACL
005 - FECHA Y HORA DE LA ÚLTIMA TRANSACCIÓN
campo de control 20230906160317.0
007 - CAMPO FIJO DE DESCRIPCIÓN FÍSICA--INFORMACIÓN GENERAL
campo de control de longitud fija t|
008 - DATOS DE LONGITUD FIJA--INFORMACIÓN GENERAL
campo de control de longitud fija 030307s1861 fr ||||1| fre d
100 1# - ENTRADA PRINCIPAL--NOMBRE DE PERSONA
Nombre de persona Carey, H. C.
9 (RLIN) 35236
245 10 - MENCIÓN DEL TÍTULO
Título Principes de la science sociale /
Mención de responsabilidad, etc. H. C. Carey ; traduits par M. M. Saint-Germain-Leduc et Aug. Planche.
260 ## - PUBLICACIÓN, DISTRIBUCIÓN, ETC.
Lugar de publicación, distribución, etc. Paris :
Nombre del editor, distribuidor, etc. Guillaumin,
Fecha de publicación, distribución, etc. 1861 (
Lugar de fabricación/manufactura Saint-Denis :
Fabricante A. Moulin)
300 ## - DESCRIPCIÓN FÍSICA
Extensión 3 v. ;
Dimensiones 23 cm.
700 1# - ENTRADA AGREGADA--NOMBRE PERSONAL
Nombre de persona Planche, Augustin.
9 (RLIN) 92537
700 1# - ENTRADA AGREGADA--NOMBRE PERSONAL
Nombre de persona Saint-Germain-Leduc (
Fechas asociadas al nombre 1799-18.)
9 (RLIN) 155285
852 ## - LOCALIZACIÓN
Ubicación ES-MaACL
Número de control de estantería G-7808-10
Holdings
Estatus retirado Estado de pérdida Estado de daño No para préstamo Colección Biblioteca de origen Biblioteca actual Ubicación en estantería Fecha de adquisición Fuente de adquisición Total de préstamos Signatura topográfica completa Código de barras Visto por última vez Precio de reemplazo Tipo de ítem Koha
        Libros del s. XIX Biblioteca del Ateneo de Madrid Biblioteca del Ateneo de Madrid Sala Pecera Planta 3 17/01/2008     G-7808-10 1042945 23/02/2023 23/02/2023 Libro impreso antiguo